|
|
|
|
| LEADER |
01173nam a2200313 a 4500 |
| 001 |
16575 |
| 003 |
BD-DhAAL |
| 008 |
090406s1999 enk b 001 0 eng d |
| 999 |
|
|
|c 84
|d 84
|
| 010 |
|
|
|a 98042339
|
| 020 |
|
|
|a 0415119081
|
| 020 |
|
|
|a 041511909X (pbk.)
|
| 040 |
|
|
|a DLC
|c DLC
|d DLC
|d BD-DhAAL
|
| 082 |
0 |
0 |
|a 121
|2 21
|
| 100 |
1 |
|
|a Gardner, Sebastian.
|9 41227
|
| 245 |
1 |
0 |
|a Routledge philosophy guidebook to Kant and the Critique of pure reason /
|c Sebastian Gardner.
|
| 246 |
3 |
0 |
|a Kant and the Critique of pure reason
|
| 260 |
|
|
|a London ;
|a New York :
|b Routledge,
|c 1999.
|
| 300 |
|
|
|a xiv, 377 pages ;
|c 21 cm.
|
| 490 |
0 |
|
|a Routledge philosophy guidebooks
|
| 504 |
|
|
|a Includes bibliographical references (pages 349-363) and index.
|
| 541 |
1 |
|
|e 00016575
|
| 600 |
1 |
0 |
|a Kant, Immanuel,
|d 1724-1804.
|t Kritik der reinen Vernunft.
|9 41228
|
| 650 |
|
0 |
|a Knowledge, Theory of.
|9 41229
|
| 650 |
|
0 |
|a Causation.
|9 41230
|
| 650 |
|
0 |
|a Reason.
|9 41231
|
| 852 |
4 |
|
|a Ayesha Abed Library
|j General Stacks
|
| 942 |
|
|
|2 ddc
|c BK
|
| 952 |
|
|
|0 0
|1 0
|2 ddc
|4 0
|6 121_GAR
|7 0
|9 76
|a BRACUL
|b BRACUL
|c GEN
|d 2009-04-28
|g 1005.00
|l 9
|m 69
|o 121 GAR
|p 3010016575
|r 2026-05-06
|s 2026-04-30
|t 1
|w 2009-04-28
|y BK
|